Top 25 Baby Boy Names Beginning with U - Statistics

General Stats
  • This quiz has been taken 190 times
  • The average score is 7 of 25
Answer Stats
Hint Answer % Correct
12 Uri
81%
8 Ulices
60%
3 Ulises
60%
22 Ulisses
60%
24 Ulyses
60%
4 Ulysses
60%
2 Uriah
58%
6 Urijah
58%
1 Uriel
42%
5 Umar
27%
11 Usher
27%
25 Unique
22%
23 Ulrich
21%
15 Urban
19%
19 Uziah
9%
10 Uzziah
9%
9 Usman
8%
20 Uhtred
3%
7 Uziel
3%
18 Uzziel
3%
17 Ubaldo
2%
21 Umair
2%
13 Urivah
2%
16 Uthman
2%
14 Uzair
2%
No matching quizzes found
Score Distribution
Percent of People with Each Score
Percentile by Number Answered
Your Score History
You have not taken this quiz